Đổi mới phương thức lãnh đạo của Đảng đối với mặt trận tổ quốc và các đoàn thể nhân dân trong thời kỳ mới

Nội dung cuốn sách không chỉ nêu lên cơ sở khoa học, một số vấn đề có tính lý luận của chủ nghĩa Mác - Lênin và tư tưởng Hồ Chí Minh, một số công tác chỉ đạo đổi mới phương thức lãnh đạo của Đảng mà còn trình bày thực trạng đổi mớ...

Volledige beschrijving

Bewaard in:
Bibliografische gegevens
Hoofdauteur: Đỗ, Quang Tuấn
Formaat: Boek
Taal:Undetermined
Gepubliceerd in: Hà Nội Chính trị Quốc gia 2006
Onderwerpen:
Tags: Voeg label toe
Geen labels, Wees de eerste die dit record labelt!
Thư viện lưu trữ: Trung tâm Học liệu Trường Đại học Cần Thơ
LEADER 01297nam a2200217Ia 4500
001 CTU_115573
008 210402s9999 xx 000 0 und d
020 |c 24000 
082 |a 324.2597075 
082 |b T502 
100 |a Đỗ, Quang Tuấn 
245 0 |a Đổi mới phương thức lãnh đạo của Đảng đối với mặt trận tổ quốc và các đoàn thể nhân dân trong thời kỳ mới 
245 0 |c Đỗ Quang Tuấn (Chủ biên), Nguyễn Văn Hùng, Trần Hậu 
260 |a Hà Nội 
260 |b Chính trị Quốc gia 
260 |c 2006 
520 |a Nội dung cuốn sách không chỉ nêu lên cơ sở khoa học, một số vấn đề có tính lý luận của chủ nghĩa Mác - Lênin và tư tưởng Hồ Chí Minh, một số công tác chỉ đạo đổi mới phương thức lãnh đạo của Đảng mà còn trình bày thực trạng đổi mới phương thức lãnh đạo của Đảng đối với Mặt trận Tổ quốc và các đoàn thể nhân dân. 
650 |a Communist parties 
650 |z Vietnam 
904 |i Minh 
980 |a Trung tâm Học liệu Trường Đại học Cần Thơ